| 000 | 00918cab a2200241 4500 | ||
|---|---|---|---|
| 001 | WB3507-24 | ||
| 008 | 090401t1999 xxu||||| |||| 00| 0 eng d | ||
| 035 | _a(Sirsi) u91380 | ||
| 041 | _aeng | ||
| 245 | _aCrack squad for PFI takeover | ||
| 260 | _c1999 | ||
| 350 | _a0 | ||
| 490 |
_aContract Journal _v397(6212) 10 February 1999, 2(1) |
||
| 520 | _aConcern is growing over proposals to overhaul the funding process of private finance initiative projects. If the plans are implemented, the PFI task force would become a crack negotiating team identifying the risks in the construction process. Contractors would be completely removed from the funding negotiations. | ||
| 650 | _aCONTRACTORS | ||
| 650 | _aPFI CONTRACTS | ||
| 650 | _aPFI | ||
| 650 | _aPRIVATE FINANCE INITIATIVE | ||
| 650 | _aPROJECT FINANCE | ||
| 690 | _aPROPERTY-PROPERTY FINANCE AND INVESTMENT | ||
| 942 | _n0 | ||
| 948 | _c17/02/1999 | ||
| 999 |
_c58002 _d58002 |
||